05545cam a22018134i 4500003000900000005001700009008004100026020001500067020001800082035002700100040004300127049000900170082002000179100004500199245010100244264004400345300005500389336002100444337002500465338002300490505145100513526000901964526000901973526001001982526001001992526001002002526001002012526001002022526001002032526001002042526001002052526001002062526001002072526001002082526001002092526001002102526001002112526001002122526001002132526001002142526001002152526001002162526001002172526001002182526001002192526001002202526001002212526001002222526001002232526001002242526001002252526001002262526001002272526001002282526001002292526001002302526001002312526001002322526001002332526001002342526001002352526001002362526001002372526001002382526001002392526001002402526001002412526001002422526000902432526000902441526000902450526000902459526000902468526000902477526000902486526000902495526000902504526000902513526000902522526000902531526000902540526000902549526000902558526000902567526000902576526000902585526000902594526000902603526000902612526000902621526000902630526000902639526000902648526000902657526000902666526000902675526000902684526000902693526000902702526000902711526001002720526000902730526000902739526000902748526000902757526000902766526000902775526000902784526000802793526000802801526000802809526000802817526000802825526000802833526000802841526000802849526000802857526000802865526000802873526000802881526000802889526000802897526000902905526000802914526000802922526000802930526000802938526000802946526000902954526000802963526000802971526000802979526000802987526000802995526000903003526000803012526000803020526000903028526000803037526000803045526000803053526000803061541001603069650002003085650001703105910002503122942001403147949013103161994001403292596000603306999018103312980005503493952018303548PE-LiUPU20250813165831.0150706s2010    sp a    r     000 0 spa d  a8498352665  a9788498352665  a(Sirsi) i9788498352665  aPE-LiUPUbspacPE-LiUPUdPE-LiUPUerda  aPRUA04a618.97bM582211 aMillán Calenti, José Carlos,eautor.10aGerontología y geriatría :bvaloración e intervención /cJosé Carlos Millán Calenti. 1aMadrid :bMédica Panamericana,c2010.  a690 páginas :bilustraciones ;c24 centímetros  atext2rdacontent  aunmediated2rdamedia  avolume2rdacarrier0 aEnvejecimiento -- Valoración del paciente anciano -- Recursos asistenciales y profesionales en Gerontología y Geriatría -- Epidemiología y prevención en geriátrica -- Malos tratos y personas mayores: -bases para la intervención -- Bioética en gerontología Dependencia y capacidad funcional: - Discapacidad, deficiencia y estado de salud -- La atención a la dependencia -- Análisis de la actividad. Valoración funcional. Productos de apoyo y entorno accesible.- Nuevas tecnologías y personas mayores -- TRASTORNOS Cognitivos y afectivos:- Valoración cognitiva Tras tornos psicológicos y conductuales -- Depresión y ansiedad -- Intervención no farmacológica y con cuidadores  -- Otras Patologías Y Grandes Síndromes Geriátricos: -Enfermedad cerebrovascular -- Enfermedad de Parkinson -- Síndrome confesional agudo y trastornos del sueño -- Inmovilidad, inestabilidad y caídas --  Depravación sensorial e intervención -- Trastornos endocrinos y nutrición.- Farmacología e iatrogenia -- Aspectos Sociales Y Calidad De Vida: -Intervención socio laboral y familiar -- Intervención sociocultural y tiempo libre -- Envejecimiento y ruralidad -- Intervención en los procesos que cursan con dolor -- Intervención en pacientes terminales -- Calidad de vida en la vejez -- Actividades de la vida diaria -- Ansiedad y depresión -- Estado cognitivo -- Marcha y equilibrio -- Estado nutricional.  aP203  aP200  aSEG65  aSEG64  aSEG63  aSEG62  aSEG61  aSEG60  aSEG59  aSEG58  aSEG57  aSEG56  aSEG55  aSEG54  aSEG53  aSEG52  aSEG51  aSEG50  aSEG49  aSEG48  aSEG47  aSEG46  aSEG24  aSEG23  aSEG22  aSEG21  aSEG20  aSEG19  aSEG18  aSEG17  aSEG16  aSEG14  aSEG13  aSEG12  aSEG11  aSEG10  aSEG09  aSEG06  aSEG05  aSEG04  aSEG03  aSEG02  aSEG68  aSEG66  aSEG45  aSEG25  aSEG01  aP163  aP162  aP161  aP160  aP159  aP158  aP157  aP156  aP155  aP154  aP153  aP152  aP151  aP150  aP149  aP142  aP141  aP140  aP139  aP138  aP137  aP132  aP131  aP130  aP126  aP125  aP124  aP123  aP115  aP122  aP121  aP116  a P114  aP112  aP111  aP104  aP103  aP102  aP101  aP100  aP96  aP95  aP93  aP92  aP91  aP88  aP83  aP82  aP79  aP78  aP75  aP74  aP71  aP69  a P51  aP49  aP48  aP47  aP33  aP31  a P30  aP29  aP27  aP26  aP25  aP24  a P22  aP10  aP09  a P08  aP06  aP05  aP04  aP01  g001-003347;04aGerontología.04aGeriatría.  aglbjvcngd20110915  2ddccBOOK  a618.97 M58wDEWEYc1i63671lCCODEBUL1mBULp58.00r0sYtBOOKu2015-7-6xSALUDPP22o.STAFF. Colección Ciencias de la Salud  aC0bPEPRU  a1  a618.97 M58wDEWEYc52577i63671d52577e2019-6-9f2021-11-4g5lCCODEBUL1mBULn21p58.00q4r0sYtBOOKu2015-7-6xSALUDzP220COMPRAo.STAFF. Colección Ciencias de la Salud  81gALBERTO SANCHEZ Responsable de Automatización  r2025-12-03 00:00:00i6l21o618.97 M58p63671s2019-06-09te1v63.00w2015-07-06xFCSyBKzinventario-2023-12-13102ddc50708GENfP22aBULbBULcGENd2015-07-06eCOMPRAg58.00